| 000 | 00440nam a22001457a 4500 | ||
|---|---|---|---|
| 020 | _a9780241317815 | ||
| 040 | _cNUST | ||
| 082 | _a503 BEA | ||
| 100 |
_aBeall, Abigail _996864 |
||
| 110 |
_aChalloner, Jack , Dingle, Adrian , Harvey, Derek , Perks, Bea _996865 |
||
| 245 | _aKnowledge Encyclopedia Science | ||
| 260 |
_aLondon: _bDorling Kindersley Ltd, _c2018. |
||
| 650 |
_aKnowledge Encyclopedia Science _996866 |
||
| 942 |
_2ddc _cBK |
||
| 999 |
_c590906 _d590906 |
||